000 00650nam a22002177a 4500
001 00028502
005 20260309110924.0
008 260309b ag ||||| |||| 00| 0 spa d
020 _a9681610296
040 _aAR-CcCEOS
_bspa
_cAR-CcCEOS
041 _aspa
080 _a299.7(72)
090 _bSPR
100 1 _aSpranz, Bodo
_9819
245 _aLos dioses en los codices mexicanos del grupo bordia :
_buna investigación iconografica /
_cBodo Spranz
250 _a1a ed.
260 _aEspaƱa :
_bFondo de cultura economica,
_cc1973.
300 _a517 p. ;
_c24x15 cm.
655 0 _aliteratura
_919
_ccodices
_vmexicanos
942 _2udc
_cBK
_n0
999 _c28531
_d28531